Statistiques concernant Pays dans l'Europe et les associations européennes

Cliquez ici pour prendre le quiz!

Statistiques générales

  • Ce quiz a été pris 82 fois
  • Le résultat moyen est 266 sur 312

Statistiques - réponses

PaysRegionsRéponse% Correct
AlbanieEurope✔️
97%
AlbanieUnion Européenne
96%
AlbanieZone Euro
94%
AlbanieEspace Schengen
94%
AlbanieConseil de l'Europe✔️
93%
AlbanieUEFA✔️
93%
Allemagne✔️
92%
Allemagne✔️
92%
Allemagne✔️
92%
Autriche✔️
90%
Autriche✔️
90%
Autriche✔️
90%
Grèce✔️
90%
Grèce✔️
90%
Grèce✔️
90%
France✔️
90%
Grèce✔️
90%
Grèce✔️
90%
France✔️
90%
Autriche✔️
90%
France✔️
90%
France✔️
90%
France✔️
90%
Autriche✔️
90%
Grèce✔️
90%
Autriche✔️
90%
Andorre✔️
90%
Allemagne✔️
90%
Allemagne✔️
90%
Allemagne✔️
90%
Danemark✔️
89%
Chypre✔️
89%
Chypre✔️
89%
Chypre✔️
89%
Croatie✔️
89%
Croatie✔️
89%
Croatie✔️
89%
Croatie✔️
89%
Danemark✔️
89%
Danemark✔️
89%
Danemark✔️
89%
Andorre
89%
Danemark✔️
89%
Espagne✔️
89%
Finlande✔️
89%
Espagne✔️
89%
Espagne✔️
89%
Espagne✔️
89%
Estonie✔️
89%
Estonie✔️
89%
Estonie✔️
89%
Finlande✔️
89%
Estonie✔️
89%
Estonie✔️
89%
Finlande✔️
89%
Finlande✔️
89%
Chypre✔️
89%
Bulgarie✔️
89%
Finlande✔️
89%
Hongrie✔️
89%
Irlande✔️
89%
Irlande✔️
89%
Irlande✔️
89%
Hongrie✔️
89%
Hongrie✔️
89%
Belgique✔️
89%
Belgique✔️
89%
Belgique✔️
89%
Belgique✔️
89%
Belgique✔️
89%
Biélorussie✔️
89%
Bulgarie✔️
89%
Hongrie✔️
89%
Géorgie
89%
Géorgie
89%
Andorre✔️
89%
Andorre✔️
89%
Andorre✔️
89%
Géorgie✔️
89%
Géorgie✔️
89%
Géorgie
89%
Finlande✔️
89%
Bulgarie✔️
89%
Bulgarie✔️
89%
Islande✔️
87%
Irlande✔️
87%
Islande✔️
87%
Hongrie✔️
87%
Hongrie
87%
Irlande✔️
87%
Islande✔️
87%
Estonie✔️
87%
Arménie✔️
87%
Biélorussie
87%
Espagne✔️
87%
Andorre
87%
Arménie
87%
Arménie
87%
Arménie
87%
Arménie
87%
Azerbaïdjan
87%
Azerbaïdjan
87%
Azerbaïdjan✔️
87%
Azerbaïdjan✔️
87%
Belgique✔️
87%
Biélorussie
87%
Biélorussie
87%
Azerbaïdjan
87%
Croatie
87%
Bulgarie
87%
Bosnie-Herzégovine✔️
87%
Bosnie-Herzégovine
87%
Bosnie-Herzégovine
87%
Bosnie-Herzégovine
87%
Bosnie-Herzégovine✔️
87%
Bosnie-Herzégovine✔️
87%
Chypre
87%
Danemark
87%
Croatie
87%
Biélorussie✔️
87%
Bulgarie
87%
Biélorussie
86%
Italie✔️
86%
Italie✔️
86%
Italie✔️
86%
Italie✔️
86%
Italie✔️
86%
Italie✔️
86%
Chypre
86%
Irlande
86%
Arménie✔️
86%
Islande✔️
86%
Islande
86%
Islande
86%
Monaco✔️
85%
Moldavie✔️
85%
Moldavie✔️
85%
Macédoine du Nord✔️
85%
Monaco✔️
85%
Malte✔️
85%
Malte✔️
85%
Lituanie✔️
85%
Malte✔️
85%
Malte✔️
85%
Malte✔️
85%
Malte✔️
85%
Luxembourg✔️
85%
Luxembourg✔️
85%
Lituanie✔️
85%
Monaco✔️
85%
Monaco
85%
Roumanie✔️
85%
Monténégro✔️
85%
Pologne✔️
85%
Royaume-Uni pré-brexit✔️
85%
Royaume-Uni pré-brexit✔️
85%
Roumanie✔️
85%
Roumanie✔️
85%
Pologne✔️
85%
Pologne✔️
85%
Pologne✔️
85%
Monténégro✔️
85%
Pologne✔️
85%
Pays-Bas✔️
85%
Pays-Bas✔️
85%
Pays-Bas✔️
85%
Pays-Bas✔️
85%
Pays-Bas✔️
85%
Monténégro✔️
85%
Lituanie✔️
85%
Lettonie✔️
85%
Lituanie✔️
85%
Lettonie✔️
85%
Lituanie✔️
85%
Israël
85%
Israël
85%
Israël
85%
Israël
85%
Israël✔️
85%
Kosovo✔️
85%
Kosovo✔️
85%
Lettonie✔️
85%
Lettonie✔️
85%
Lettonie✔️
85%
Lettonie✔️
85%
Israël
85%
Lituanie✔️
85%
Liechtenstein✔️
85%
Liechtenstein✔️
85%
Liechtenstein✔️
85%
Liechtenstein✔️
85%
Portugal✔️
83%
Portugal✔️
83%
Portugal✔️
83%
Ukraine✔️
83%
Luxembourg✔️
83%
Portugal✔️
83%
Roumanie
83%
Roumanie
83%
Kazakhstan
83%
Roumanie✔️
83%
Kazakhstan
83%
Portugal✔️
83%
Liban
83%
Kazakhstan
83%
Royaume-Uni pré-brexit
83%
Royaume-uni post-brexit
83%
Royaume-uni post-brexit
83%
Royaume-uni post-brexit
83%
Royaume-uni post-brexit✔️
83%
Royaume-uni post-brexit
83%
Russie
83%
Liban
83%
Saint-Marin✔️
83%
Tchéquie✔️
83%
Suisse✔️
83%
Suède✔️
83%
Slovénie✔️
83%
Slovaquie✔️
83%
Pologne
83%
Luxembourg✔️
83%
Kazakhstan
83%
Vatican✔️
83%
Macédoine du Nord
83%
Macédoine du Nord
83%
Macédoine du Nord✔️
83%
Macédoine du Nord✔️
83%
Liban
83%
Moldavie
83%
Moldavie
83%
Moldavie
83%
Liban
83%
Moldavie✔️
83%
Kazakhstan✔️
83%
Monaco
83%
Liban
83%
Liechtenstein
83%
Liban
83%
Liechtenstein
83%
Norvège
83%
Kosovo
83%
Kosovo
83%
Norvège✔️
83%
Norvège✔️
83%
Kosovo✔️
83%
Norvège✔️
83%
Norvège
83%
Luxembourg✔️
83%
Luxembourg✔️
83%
Monténégro
83%
Monténégro✔️
83%
Monténégro
83%
Vatican
82%
Suède✔️
82%
Suède✔️
82%
Suède✔️
82%
Suède✔️
82%
Tchéquie✔️
82%
Suisse✔️
82%
Suisse✔️
82%
Slovaquie✔️
82%
Tchéquie✔️
82%
Ukraine✔️
82%
Tchéquie✔️
82%
Tchéquie✔️
82%
Ukraine✔️
82%
Slovaquie✔️
82%
Russie
82%
Slovaquie✔️
82%
Serbie✔️
82%
Russie✔️
82%
Slovaquie✔️
82%
Saint-Marin✔️
82%
Saint-Marin
82%
Saint-Marin✔️
82%
Saint-Marin✔️
82%
Royaume-Uni pré-brexit
82%
Royaume-Uni pré-brexit
82%
Monaco
82%
Slovaquie✔️
82%
Macédoine du Nord
82%
Russie✔️
82%
Kosovo
82%
Turquie
80%
Turquie✔️
80%
Ukraine
80%
Turquie
80%
Vatican
80%
Vatican✔️
80%
Ukraine
80%
Vatican
80%
Turquie
80%
Ukraine
80%
Turquie✔️
80%
Saint-Marin
80%
Russie
80%
Serbie✔️
80%
Serbie✔️
80%
Slovénie✔️
80%
Slovénie✔️
80%
Slovénie✔️
80%
Slovénie✔️
80%
Slovénie✔️
80%
Serbie
80%
Tchéquie
80%
Suède
80%
Serbie
80%
Serbie
80%
Suisse
80%
Suisse
80%
Suisse
80%
Vatican
80%

Distribution des résultats

Percentile par nombre de réponses

% des personnes avec chaque résultat

Votre développement - résultats

Vous n’avez pas pris ce quiz